[Event "Marburg op-A"]
[Site "Marburg"]
[Date "2023.10.29"]
[Round "7"]
[White "Reichelt, Florian"]
[Black "Mader, Lena"]
[Result "1-0"]
[WhiteElo "1933"]
[BlackElo "1841"]
[PlyCount "115"]
[EventDate "2023.10.26"]
[EventType "swiss"]
[EventRounds "7"]
[EventCountry "GER"]
[SourceTitle "CBM 217 Extra"]
[Source "ChessBase"]
[SourceDate "2024.01.31"]
[SourceVersion "1"]
[SourceVersionDate "2024.01.31"]
[SourceQuality "1"]

1. e4 c6 2. d4 d5 3. Nc3 dxe4 4. Nxe4 Nf6 5. Nxf6+ exf6 6. Bc4 Bd6 7. Qe2+ Qe7 8. Qxe7+ Kxe7 9. Ne2 Be6 10. Bd3 Nd7 11. Bf4 Nb6 12. Bxd6+ Kxd6 13. 0-0-0 Nd5 14. a3 Kc7 15. Rhe1 g6 16. c4 Nb6 17. Nf4 Rhe8 18. b3 a5 19. Be4 Rad8 20. a4 f5 21. Bf3 g5 22. Nh5 g4 23. Be2 Rg8 24. f4 Rg6 25. Ng3 h5 26. Nf1 h4 27. Kc2 Nc8 28. Kc3 Nd6 29. Bd3 Ne8 30. Re5 b6 31. Bxf5 Bxf5 32. Rxf5 Nd6 33. Re5 Rd7 34. Rde1 f5 35. Nd2 Rf6 36. b4 axb4+ 37. Kxb4 Nf7 38. Re7 Rfd6 39. Rxd7+ Kxd7 40. Nb3 Nd8 41. c5 bxc5+ 42. Nxc5+ Kc8 43. Kc4 Rf6 44. Re8 Kc7 45. Re7+ Kc8 46. a5 Nf7 47. Nb7 Kb8 48. Kc5 Nh6 49. Nd6 g3 50. h3 Ng4 51. Kb6 Rf8 52. a6 Nf6 53. Kxc6 Rd8 54. Rf7 Ne4 55. Nxe4 fxe4 56. d5 Re8 57. d6 Re6 58. Re7 1-0

[Event "Marburg op-A"]
[Site "Marburg"]
[Date "2023.10.29"]
[Round "6"]
[White "Rybarczyk, Klaus"]
[Black "Reichelt, Florian"]
[Result "1-0"]
[WhiteElo "2142"]
[BlackElo "1933"]
[PlyCount "125"]
[EventDate "2023.10.26"]
[EventType "swiss"]
[EventRounds "7"]
[EventCountry "GER"]
[SourceTitle "CBM 217 Extra"]
[Source "ChessBase"]
[SourceDate "2024.01.31"]
[SourceVersion "1"]
[SourceVersionDate "2024.01.31"]
[SourceQuality "1"]

1. Nf3 d5 2. c4 e6 3. g3 Nf6 4. Bg2 Be7 5. 0-0 0-0 6. d4 b6 7. Qc2 Bb7 8. cxd5 exd5 9. Ne5 c5 10. dxc5 bxc5 11. Nd3 Nbd7 12. Nf4 Qb6 13. Nc3 d4 14. Ncd5 Nxd5 15. Nxd5 Bxd5 16. Bxd5 Rad8 17. Bf4 Nf6 18. Bg2 Nd5 19. Bd2 Rfe8 20. Rac1 Qa6 21. Qc4 Qxc4 22. Rxc4 Bf8 23. Bf3 Nb6 24. Rcc1 g6 25. Bg5 Rc8 26. Bf4 Re6 27. b3 Rd8 28. Rfd1 Nd5 29. Bg5 f6 30. Bd2 Ra6 31. a4 Be7 32. Be1 Nc7 33. e3 dxe3 34. Rxd8+ Bxd8 35. Rxc5 exf2+ 36. Bxf2 Ne6 37. Rc8 Kg7 38. Be2 Rd6 39. Bxa7 Nd4 40. Bc4 Nf3+ 41. Kg2 Nd2 42. Bc5 Rd7 43. Be6 Rd3 44. Rb8 f5 45. b4 Ne4 46. Ba7 Rd2+ 47. Kf1 Bg5 48. Rb7+ Kf6 49. Bg8 Rd8 50. Bxh7 Rd1+ 51. Ke2 Rd2+ 52. Ke1 Rxh2 53. Bd4+ Ke6 54. Bg8+ Kd6 55. Rb6+ Kd7 56. Rxg6 Rh1+ 57. Ke2 Nxg3+ 58. Kd3 Ne4 59. Be6+ Ke7 60. Bxf5 Nd6 61. Rxg5 Rd1+ 62. Kc3 Rc1+ 63. Kb2 1-0

[Event "Hofheim Spring op-B 7th"]
[Site "Hofheim"]
[Date "2019.04.26"]
[Round "6"]
[White "Reichelt, Florian"]
[Black "Molano Lafuente, Ismael"]
[Result "1-0"]
[WhiteElo "1884"]
[BlackElo "1949"]
[PlyCount "97"]
[EventDate "2019.04.23"]
[EventType "swiss"]
[EventRounds "9"]
[EventCountry "GER"]
[SourceTitle "CBM 190 Extra"]
[Source "ChessBase"]
[SourceDate "2019.07.15"]
[SourceVersion "1"]
[SourceVersionDate "2019.07.15"]
[SourceQuality "1"]

1. e4 e5 2. Nf3 f5 3. Nxe5 Qf6 4. d4 d6 5. Nf3 fxe4 6. Qe2 Qe7 7. Nfd2 Nf6 8. c4 Nc6 9. Nb3 Nb4 10. Qd2 d5 11. cxd5 e3 12. fxe3 Ne4 13. Qe2 Qh4+ 14. g3 Nxg3 15. Qf2 Bd6 16. Rg1 Nc2+ 17. Qxc2 Nxf1+ 18. Qf2 Qxf2+ 19. Kxf2 0-0+ 20. Kg2 Nxh2 21. e4 Nf3 22. Rh1 Bg4 23. Nc3 g5 24. e5 Be7 25. Be3 h5 26. Rhf1 Nh4+ 27. Kg1 Nf5 28. Bf2 Bh3 29. Rfc1 Rf7 30. Ne4 Bd8 31. Nbc5 g4 32. Nxb7 h4 33. Nxd8 Rxd8 34. Ng5 Rfd7 35. Nxh3 gxh3 36. Kh2 Rxd5 37. Rxc7 Nxd4 38. Bxd4 Rxd4 39. Kxh3 Re4 40. Rg1+ Kh8 41. Rg2 Rd3+ 42. Kh2 Rxe5 43. Rxa7 Ree3 44. Rf7 Rh3+ 45. Kg1 Rd1+ 46. Rf1 Rxf1+ 47. Kxf1 Rh1+ 48. Ke2 h3 49. Rf2 1-0

[Event "Hessen-ch U16"]
[Site "Bad Homburg"]
[Date "2015.03.30"]
[Round "3"]
[White "Thomsen, Phil"]
[Black "Reichelt, Florian"]
[Result "1-0"]
[WhiteElo "1691"]
[BlackElo "1646"]
[PlyCount "113"]
[EventDate "2015.03.30"]
[EventType "swiss"]
[EventRounds "7"]
[EventCountry "GER"]
[SourceTitle "EXT 2017"]
[Source "ChessBase"]
[SourceDate "2016.10.25"]
[SourceVersion "1"]
[SourceVersionDate "2016.10.25"]
[SourceQuality "1"]

1. e4 c5 2. c3 d6 3. d4 Nc6 4. d5 Ne5 5. f4 Nd7 6. Nf3 Qc7 7. c4 g6 8. Bd2 Bg7 9. Bc3 Bxc3+ 10. Nxc3 Ngf6 11. Bd3 0-0 12. 0-0 Re8 13. Bc2 a6 14. Qd2 Rb8 15. Ba4 Rf8 16. Rae1 Nb6 17. Bb3 Bg4 18. e5 Ne8 19. Ng5 h6 20. Nge4 Ng7 21. exd6 exd6 22. Nf6+ Kh8 23. Nxg4 f5 24. Nf2 Nc8 25. Ba4 Na7 26. Qd3 Rf7 27. Re2 Qa5 28. Bc2 b5 29. b3 b4 30. Na4 Nc8 31. Rfe1 Nb6 32. Nxb6 Qxb6 33. Re7 Rbf8 34. R1e3 Qd8 35. Qe2 Rxe7 36. Rxe7 Re8 37. Rxe8+ Qxe8 38. Qxe8+ Nxe8 39. g4 Ng7 40. gxf5 gxf5 41. Kg2 Kh7 42. Kf3 Kg6 43. Ng4 h5 44. Ne3 h4 45. Nxf5 Nxf5 46. Kg4 Kf6 47. Bxf5 a5 48. h3 Kf7 49. Kxh4 Kf6 50. Kg4 Kf7 51. Kg5 Kg7 52. Bg6 Kg8 53. f5 Kg7 54. h4 Kg8 55. h5 Kg7 56. h6+ Kh8 57. f6 1-0

[Event "Hessen-ch U14"]
[Site "Bad Homburg"]
[Date "2014.04.17"]
[Round "5"]
[White "Wachsmann, Dietmar"]
[Black "Reichelt, Florian"]
[Result "1-0"]
[WhiteElo "1764"]
[BlackElo "1505"]
[PlyCount "49"]
[EventDate "2014.04.??"]
[EventType "swiss"]
[EventRounds "7"]
[EventCountry "GER"]
[SourceTitle "EXT 2022"]
[Source "ChessBase"]
[SourceDate "2021.10.06"]
[SourceVersion "1"]
[SourceVersionDate "2021.10.06"]
[SourceQuality "1"]

1. e4 c5 2. f4 d6 3. Nf3 a6 4. Be2 Nf6 5. d3 Nbd7 6. Nbd2 e6 7. Nf1 Be7 8. Ng3 g6 9. 0-0 0-0 10. f5 Ne8 11. Bh6 Ng7 12. Qd2 exf5 13. exf5 Ne5 14. Qf4 Bf6 15. Ng5 Nxf5 16. Nxf5 Bxf5 17. g4 Bxg5 18. Bxg5 f6 19. Bh6 Bd7 20. Bxf8 Qxf8 21. Qxf6 Nxg4 22. Qg5 Qh6 23. Qd5+ Kh8 24. Bxg4 Bxg4 25. Rae1 1-0

[Event "Karl Mala Memorial op-B 16th"]
[Site "Frankfurt"]
[Date "2013.07.14"]
[Round "7"]
[White "Urbach, Jens"]
[Black "Reichelt, Florian"]
[Result "0-1"]
[WhiteElo "1605"]
[BlackElo "1384"]
[PlyCount "134"]
[EventDate "2013.07.11"]
[EventType "swiss"]
[EventRounds "7"]
[EventCountry "GER"]
[SourceTitle "CBM 155 Extra"]
[Source "ChessBase"]
[SourceDate "2013.08.26"]
[SourceVersion "1"]
[SourceVersionDate "2013.08.26"]
[SourceQuality "1"]

1. e4 c5 2. c3 e5 3. Nf3 Nc6 4. d4 cxd4 5. cxd4 d6 6. dxe5 Nxe5 7. Nxe5 Qa5+ 8. Bd2 Qxe5 9. Nc3 Nf6 10. Bd3 a6 11. Qc2 Be7 12. Rc1 0-0 13. Ne2 d5 14. Bf4 Bb4+ 15. Bd2 Bxd2+ 16. Qxd2 Nxe4 17. Bxe4 dxe4 18. 0-0 Be6 19. b3 Rfd8 20. Qe3 Bd7 21. Rfe1 f5 22. f3 Bc6 23. f4 Qd6 24. Red1 Qf6 25. Nd4 Rd7 26. Rc5 g6 27. Re5 Rad8 28. g3 Rd5 29. Rxd5 Rxd5 30. Rd2 Qd6 31. h4 Qd7 32. Kf2 Bb5 33. a4 Bd3 34. Ne2 Bxe2 35. Rxd5 Qxd5 36. Kxe2 Kf7 37. Qc3 Qc6 38. Qd2 Ke6 39. Qb2 Qd5 40. Qc3 Kd6 41. Qf6+ Kc5 42. Qe7+ Qd6 43. Qxb7 Qd3+ 44. Ke1 Qxg3+ 45. Kd1 Qg4+ 46. Kc2 Qe2+ 47. Kc3 Qe3+ 48. Kb2 Qd2+ 49. Kb1 Kd4 50. Qb6+ Kc3 51. Qa5+ Kd3 52. Qxa6+ Ke3 53. Qf6 Qd3+ 54. Ka2 Kxf4 55. Qg5+ Kf3 56. a5 e3 57. Ka3 e2 58. Qc1 Qd6+ 59. Ka2 Kf2 60. Qc2 Kf1 61. Qc4 Qd2+ 62. Ka3 Qxa5+ 63. Kb2 Qe5+ 64. Ka2 Kg1 65. b4 e1Q 66. b5 Q1e2+ 67. Kb3 Q5b2+ 0-1

[Event "Karl Mala Memorial op-B 16th"]
[Site "Frankfurt"]
[Date "2013.07.12"]
[Round "2"]
[White "Wachsmann, Elmar"]
[Black "Reichelt, Florian"]
[Result "0-1"]
[WhiteElo "944"]
[BlackElo "1384"]
[PlyCount "90"]
[EventDate "2013.07.11"]
[EventType "swiss"]
[EventRounds "7"]
[EventCountry "GER"]
[SourceTitle "CBM 155 Extra"]
[Source "ChessBase"]
[SourceDate "2013.08.26"]
[SourceVersion "1"]
[SourceVersionDate "2013.08.26"]
[SourceQuality "1"]

1. d4 d5 2. Nf3 Nc6 3. Bf4 Nf6 4. e3 Bf5 5. Bb5 a6 6. Ba4 b5 7. Bb3 Nh5 8. Bg5 f6 9. Bh4 g5 10. Nxg5 Ng7 11. Nf3 e5 12. c3 Bg4 13. h3 Bh5 14. dxe5 Nxe5 15. g4 Nxf3+ 16. Qxf3 Bf7 17. Bxf6 Qd7 18. Be5 c6 19. 0-0 Rg8 20. Bc2 h5 21. Bg3 hxg4 22. hxg4 Be6 23. Bd1 Kd8 24. Na3 Ne8 25. Qe2 Bxg4 26. Qd2 Nf6 27. Qd4 Ne4 28. f3 Nxg3 29. fxg4 Nxf1 30. Kxf1 Bxa3 31. bxa3 Rf8+ 32. Ke1 Kc7 33. Kd2 Qd6 34. Qb4 Rf2+ 35. Kc1 Qxb4 36. axb4 Rf1 37. Kd2 Raf8 38. a4 Kb7 39. axb5 axb5 40. Kd3 Rg8 41. Ke2 Rh1 42. Kd3 Rxg4 43. Kc2 Rg2+ 44. Kd3 Rhh2 45. Kd4 Rd2+ 0-1

[Event "Hessen-ch U14"]
[Site "Bad Homburg"]
[Date "2013.??.??"]
[Round "6"]
[White "Morgenroth, Fabian"]
[Black "Reichelt, Florian"]
[Result "1-0"]
[WhiteElo "1329"]
[BlackElo "1209"]
[PlyCount "79"]
[EventDate "2013.03.??"]
[EventType "swiss"]
[EventRounds "7"]
[EventCountry "GER"]
[SourceTitle "EXT 2014"]
[Source "ChessBase"]
[SourceDate "2013.11.20"]
[SourceVersion "1"]
[SourceVersionDate "2013.11.20"]
[SourceQuality "1"]

1. d4 d5 2. c4 e6 3. Nc3 Nf6 4. Bg5 Bb4 5. Rc1 Nc6 6. Nf3 0-0 7. e3 b6 8. a3 Bxc3+ 9. Rxc3 Ba6 10. b4 h6 11. Bxf6 Qxf6 12. b5 Nxd4 13. exd4 Bb7 14. Ne5 Qe7 15. a4 f6 16. Nf3 Qb4 17. Qb3 Qa5 18. Be2 a6 19. 0-0 axb5 20. cxb5 Rfc8 21. Rfc1 Qxa4 22. Qxa4 Rxa4 23. h3 c6 24. bxc6 Ba8 25. g3 Ra7 26. Kh2 Rac7 27. Bb5 Kf7 28. Ne1 Ke7 29. Nd3 Kd6 30. Nb4 e5 31. dxe5+ fxe5 32. Rd3 d4 33. f4 Rd8 34. fxe5+ Kxe5 35. Re1+ Kf6 36. Rf3+ Kg6 37. Bd3+ Kh5 38. Rf5+ g5 39. Rf6 Rg8 40. g4+ 1-0